CREATIVE REPORT WRITING (Record no. 567824)
[ view plain ]
| 000 -LEADER | |
|---|---|
| fixed length control field | 00246nam a22001097a 4500 |
| 082 ## - DEWEY DECIMAL CLASSIFICATION NUMBER | |
| Classification number | 808.066 SKR'C |
| 100 ## - MAIN ENTRY--PERSONAL NAME | |
| Personal name | SKLARE, A. B |
| 9 (RLIN) | 57554 |
| 245 ## - TITLE STATEMENT | |
| Title | CREATIVE REPORT WRITING |
| 260 ## - PUBLICATION, DISTRIBUTION, ETC. | |
| Place of publication, distribution, etc. | NEWYORK |
| Name of publisher, distributor, etc. | MCGRAW HILL |
| Date of publication, distribution, etc. | 1964 |
| 300 ## - PHYSICAL DESCRIPTION | |
| Extent | 428P |
| 942 ## - ADDED ENTRY ELEMENTS (KOHA) | |
| Koha item type | Book |
| Withdrawn status | Lost status | Source of classification or shelving scheme | Damaged status | Not for loan | Permanent Location | Current Location | Shelving location | Date acquired | Shelving control number | Full call number | Barcode | Date last seen | Price effective from | Koha item type | Public note |
|---|---|---|---|---|---|---|---|---|---|---|---|---|---|---|---|
| College of Electrical & Mechanical Engineering (CEME) | College of Electrical & Mechanical Engineering (CEME) | Fiction | 07/13/2017 | English Literature | 808.066 SKR'C | CEME-3951 | 06/28/2021 | 06/28/2021 | Book | CART-4 |
